Úrad štátneho dozoru nad kapitálovým trhom bude mať významné právomoci
Úrad bude dozerať na vydávanie verejne obchodovateľných cenných papierov, na činnosť investičných spoločností, investičných a podielových fondov, organizátorov trhov, obchodníkov s cennými papiermi a na tlačiarne cenných papierov. Úrad bude podliehať priamo vláde alebo parlamentu. Burzový komisariát...
Salvato in:
| Autore principale: | |
|---|---|
| Natura: | Capitolo di libro |
| Lingua: | slovacco |
| Soggetti: | |
| Tags: |
Nessun Tag, puoi essere il primo ad aggiungerne!!
|
MARC
| LEADER | 00000naa a2200000 4500 | ||
|---|---|---|---|
| 001 | r018265 | ||
| 005 | 20221213101153.5 | ||
| 041 | 0 | |a slo | |
| 044 | |a SK | ||
| 245 | 1 | 0 | |a Úrad štátneho dozoru nad kapitálovým trhom bude mať významné právomoci |c F. Palko |
| 520 | |a Úrad bude dozerať na vydávanie verejne obchodovateľných cenných papierov, na činnosť investičných spoločností, investičných a podielových fondov, organizátorov trhov, obchodníkov s cennými papiermi a na tlačiarne cenných papierov. Úrad bude podliehať priamo vláde alebo parlamentu. Burzový komisariát bude súčasťou Úradu. | ||
| 610 | 2 | 0 | |a dozor štátny |
| 610 | 2 | 0 | |a trh kapitálový |
| 610 | 2 | 0 | |a papiere cenné |
| 610 | 2 | 0 | |a spoločnosti investičné |
| 610 | 2 | 0 | |a fondy investičné |
| 610 | 2 | 0 | |a MF SR Bratislava |
| 100 | 1 | |a Palko, F. | |